Statistiques concernant Pokémon 1G : du Français vers l'Anglais

Cliquez ici pour prendre le quiz!

Statistiques générales

  • Ce quiz a été pris 113 fois
  • Le résultat moyen est 82 sur 151

Statistiques - réponses

FrançaisAnglais% Correct
6DracaufeuCharizard
92%
151MewMew
92%
150MewtwoMewtwo
92%
25PikachuPikachu
86%
133EvoliEevee
84%
26RaichuRaichu
84%
63AbraAbra
81%
64KadabraKadabra
81%
34NidokingNidoking
81%
31NidoqueenNidoqueen
81%
30NidorinaNidorina
81%
33NidorinoNidorino
81%
65AlakazamAlakazam
80%
1BulbizarreBulbasaur
80%
32Nidoran♂Nidoran
80%
29Nidoran♀Nidoran
80%
4SalamècheCharmander
78%
95OnixOnix
77%
19RattataRattata
77%
144ArtikodinArticuno
76%
145ElecthorZapdos
76%
137PorygonPorygon
75%
7CarapuceSquirtle
75%
46ParasParas
73%
47ParasectParasect
73%
129MagicarpeMagikarp
72%
9TortankBlastoise
71%
85DodrioDodrio
71%
84DoduoDoduo
71%
140KabutoKabuto
71%
146SulfuraMoltres
71%
18RoucarnagePidgeot
71%
141KabutopsKabutops
70%
20RattatacRaticate
68%
128TaurosTauros
68%
2HerbizarreIvysaur
67%
72TentacoolTentacool
67%
73TentacruelTentacruel
67%
3FlorizarreVenusaur
67%
149DracolosseDragonite
66%
94EctoplasmaGengar
66%
54PsykokwakPsyduck
66%
24ArbokArbok
65%
59ArcaninArcanine
65%
5ReptincelCharmeleon
65%
23AboEkans
65%
52MiaoussMeowth
65%
16RoucoolPidgey
65%
143RonflexSnorlax
65%
100VoltorbeVoltorb
65%
98KrabbyKrabby
63%
82MagnétonMagneton
63%
130LéviatorGyarados
62%
41NosferaptiZubat
62%
135VoltaliJolteon
61%
81MagnétiMagnemite
61%
77PonytaPonyta
61%
51TriopikeurDugtrio
59%
101ElectrodeElectrode
59%
126MagmarMagmar
59%
89GrotadmorvMuk
59%
113LeveinardChansey
58%
136PyroliFlareon
58%
134AqualiVaporeon
58%
132MétamorphDitto
57%
122M. MimeMr. Mime
57%
53PersianPersian
57%
50TaupiqueurDiglett
56%
107TygnonHitmonchan
56%
106KickleeHitmonlee
56%
66MachocMachop
56%
17RoucoupsPidgeotto
56%
28SablaireauSandslash
56%
35MéloféeClefairy
54%
76GrolemGolem
54%
78GalopaRapidash
54%
37GoupixVulpix
54%
38FeunardNinetales
53%
15DardargnanBeedrill
52%
97HypnomadeHypno
51%
8CarabaffeWartortle
51%
12PapilusionButterfree
49%
36MélodelfeClefable
49%
68MackogneurMachamp
49%
142PtéraAerodactyl
48%
55AkwakwakGolduck
48%
124LippoutouJynx
48%
10ChenipanCaterpie
47%
39RondoudouJigglypuff
47%
27SabeletteSandshrew
47%
80FlagadossSlowbro
47%
79RamolossSlowpoke
47%
147MinidracoDratini
46%
92FantominusGastly
46%
74RacaillouGeodude
46%
131LokhlassLapras
46%
148DracoDragonair
44%
21PiafabecSpearow
44%
121StarossStarmie
44%
125ElektekElectabuzz
43%
83CanartichoFarfetch'd
43%
104OsselaitCubone
42%
22RapasdepicFearow
42%
58CaninosGrowlithe
42%
93SpectrumHaunter
42%
14CoconfortKakuna
42%
99KrabbossKingler
42%
43MystherbeOddish
42%
42NosferaltoGolbat
41%
67MachopeurMachoke
41%
127ScarabrutePinsir
41%
103NoadkokoExeggutor
39%
56FérosingeMankey
39%
105OssatueurMarowak
39%
11ChrysacierMetapod
39%
57ColossingePrimeape
39%
115KangourexKangaskhan
38%
112RhinoférosRhydon
38%
123InsécateurScyther
38%
120StariStaryu
38%
13AspicotWeedle
38%
40GrodoudouWigglytuff
38%
91CrustabriCloyster
37%
75GravalanchGraveler
37%
69ChétiflorBellsprout
35%
44OrtideGloom
35%
109SmogoKoffing
35%
139AmonistarOmastar
35%
117HypocéanSeadra
35%
114SaquedeneuTangela
35%
49AéromiteVenomoth
35%
45RafflesiaVileplume
35%
110SmogogoWeezing
35%
87LamantineDewgong
34%
119PoissoroySeaking
34%
102NoeunoeufExeggcute
33%
118PoissirèneGoldeen
33%
116HypotrempeHorsea
33%
108ExcelangueLickitung
33%
86OtariaSeel
33%
111RhinocorneRhyhorn
32%
60PtitardPoliwag
30%
61TêtartePoliwhirl
30%
62TartardPoliwrath
30%
71EmpiflorVictreebel
29%
96SoporifikDrowzee
28%
88TadmorvGrimer
28%
138AmonitaOmanyte
28%
90KokiyasShellder
28%
48MimitossVenonat
27%
70BoustiflorWeepinbell
25%

Distribution des résultats

Percentile par nombre de réponses

% des personnes avec chaque résultat

Votre développement - résultats

Vous n’avez pas pris ce quiz